Score 0/28 Timer 04:00
0 Plays Today
% Correct
Claudia Muller
100%
Jason DeVanity
85.7%
Lara Muller DeVanity
85.7%
Bianca DeVanity Roth
85.7%
Alexander Roth
85.7%
Jackie DeVanity Crowne
85.7%
Dr. Portia Muller Roth
85.7%
Byron DeVanity
85.7%
Andrew Regis
85.7%
Isabelle DeVanity
85.7%
Angelica Roth
85.7%
Preston Regis
85.7%
Richard DeVanity
85.7%
Julia Regis
85.7%
% Correct
Francesca DeVanity
85.7%
Claudia Muller
85.7%
Scarlett DeVanity
85.7%
Tristan Kane
85.7%
Dr. Lydia Styles
85.7%
Byron DeVanity
71.4%
Isabelle Devanity
71.4%
Dr. Sebastian Crowne
71.4%
Charles Kane
71.4%
Margeaux Levange
57.1%
Kitty Crane
57.1%
Christina Quist
57.1%
???? ????
57.1%
Vivian Price
42.9%

You're not logged in!

Compare scores with friends on all Sporcle quizzes.
OR
Log In

Sporcle TV

Today on Sporcle TV


Watch our educational content, quiz creation guides, and fun videos on Sporcle TV.

Show Comments

Extras

Top Quizzes Today


Score Distribution

Paid Content

Your Account Isn't Verified!

In order to create a playlist on Sporcle, you need to verify the email address you used during registration. Go to your Sporcle Settings to finish the process.

Report this User

Report this user for behavior that violates our Community Guidelines.

Details: